000 00595nam a2200217Ia 4500
003 OSt
005 20220928144519.0
006 a|||||r|||| 00| 0
007 ta
008 220927b |||||||| |||| 00| 0 eng d
024 _a71236
037 _cTextual
040 _aSDCL
_cSDCL
_beng
041 _2eng
_aeng
082 _aX9.2'P03t, P3
100 _aAcademic Foundation (New Delhi)
_9507916
245 0 _aIndia's manufacturing sector
_b Policy framework
260 _c2003
942 _hX9.2'P03t, P3
_cTEXL
_2CC
999 _c827436
_d827436